Training and Development Handbook <A> Guide to Human Resource Development
Na minha lista:
| Formato: | Livro |
|---|---|
| Idioma: | inglês |
| Publicado em: |
New York
McGraw-Hill Book Co.
1987
|
| Edição: | 3. ed. |
| Tags: |
Sem tags, seja o primeiro a adicionar uma tag!
|
MARC
| LEADER | 00000nam a2200000 4500 | ||
|---|---|---|---|
| 001 | c023017 | ||
| 005 | 20221219120742.9 | ||
| 041 | 0 | |a eng | |
| 044 | |a US | ||
| 245 | 1 | 0 | |a Training and Development Handbook |b <A> Guide to Human Resource Development |
| 250 | |a 3. ed. | ||
| 264 | 1 | |a New York |b McGraw-Hill Book Co. |c 1987 | |
| 300 | |a 878 s. | ||